000 00444nam a2200181 i 4500
001 bg
100 1 _aCIECIERSKI, Ryszard
245 0 _aMetrologia techniczna /
_cJ. Mołodecki, S. Mołodecki.
250 _aWyd.2 popr.
260 _aOpole,
_c1986.
700 1 _aDUBIEL, Rafał
700 1 _aMOŁODECKI, Stanisław
040 _cBPK
041 _apol
080 _a531.7(075.8)
942 _cKS
008 s pl f |000 0 pol
999 _c3556
_d3556
856 _uhttp://koha.tu.koszalin.pl/cgi-bin/koha/opac-detail.pl?biblionumber=3556
_yKatalog online BPK